All Microstates - Statistics

General Stats
  • This quiz has been taken 54 times
    45 since last reset
  • The average score is 7 of 11
Answer Stats
Hint Answer % Correct
VC Vatican City
92%
L Liechtenstein
87%
M Monaco
87%
A Andorra
84%
SM San Marino
74%
N Nauru
68%
P Palau
66%
M Malta
55%
T Tuvalu
50%
MI Marshall Islands
42%
SKN Saint Kitts and Nevis
37%
No matching quizzes found
Score Distribution
Percent of People with Each Score
Percentile by Number Answered
Your Score History
You have not taken this quiz since the last reset